Repetitorium kliniky a therapie chorob vnitřních

Bibliographic Details
Main Author: Netoušek, Miloš (Author)
Format: Article
Language:Slovak
Czech

MARC

LEADER 00000nab a2200000ua 4500
001 vtls010759173
003 SK-MaSNL
005 20260304200738.0
008 250718s1935 xo |||||||||||||||||slo|
035 |a (urnnbn)urn:nbn:sk:snk:ar-a03mav 
035 |a (uuid)323207d2-84e2-41d7-81c3-a6f64818116c 
035 |a urn:nbn:sk:snk-ab5dbw 
040 |a SNKBUCL  |b slo  |c SNKBUCL  |e AACR2 
041 0 |a cze 
044 |a xo  |c SK 
100 1 |a Netoušek, Miloš  |4 aut  |9 266077 
245 1 0 |a Repetitorium kliniky a therapie chorob vnitřních  |c Miloš Netoušek 
773 0 |t Bratislavské lekárske listy  |g Roč. 15, č. 4 (1935), s. [49]-53 
850 |a Slovenská národná knižnica 
852 |a Slovenská národná knižnica 
954 |a odborná, vedecká literatúra cudzojazyčná (svetová)  |2 lita 
958 |a article3 
958 |a OND 
958 |a EUIPO 
999 |c 3090657  |d 3092587